000 00202nam a2200085Ia 4500
008 120527s9999 xx 000 0 und d
100 _aPURI and Hall
245 _aRevision Notes in Psychiatry
942 _cBK
999 _c25712
_d25712